[Event "FRA-chT U20 0304"]
[Site "France"]
[Date "2004.01.02"]
[Round "4"]
[White "Delory, Lucas"]
[Black "Chretien, Antonin"]
[Result "1/2-1/2"]
[WhiteElo "1500"]
[BlackElo "1620"]
[PlyCount "59"]
[EventDate "2003.11.??"]
[EventType "team"]
[EventRounds "11"]
[EventCountry "FRA"]
[SourceTitle "EXT 2005"]
[Source "ChessBase"]
[SourceDate "2004.11.15"]
[SourceVersion "1"]
[SourceVersionDate "2004.11.15"]
[SourceQuality "1"]
[WhiteTeam "Grasse"]
[BlackTeam "Nancy"]
[WhiteTeamCountry "FRA"]
[BlackTeamCountry "FRA"]

1. d4 e6 2. Nf3 c5 3. c4 Nf6 4. Nc3 b6 5. Bg5 cxd4 6. Nxd4 Bc5 7. e3 Bb7 8. e4 h6 9. Bxf6 Qxf6 10. Nf3 Nc6 11. Be2 Nd4 12. e5 Nxf3+ 13. Bxf3 Qxe5+ 14. Qe2 Qxe2+ 15. Kxe2 0-0-0 16. Bxb7+ Kxb7 17. Rad1 Rhe8 18. Rhe1 d5 19. cxd5 exd5+ 20. Kf1 Rxe1+ 21. Kxe1 d4 22. Ne2 Kc6 23. Rd3 Kd5 24. a3 a5 25. f3 Re8 26. Kd2 Re3 27. Rxe3 dxe3+ 28. Kd3 b5 29. Nc3+ Kc6 30. Nd1 1/2-1/2

[Event "FRA-chT 0102 U18"]
[Site "France"]
[Date "2002.05.09"]
[Round "9.7"]
[White "Delory, Lucas"]
[Black "Jardine, Ludovic"]
[Result "0-1"]
[WhiteElo "1320"]
[BlackElo "1340"]
[PlyCount "44"]
[EventDate "2001.10.??"]
[EventType "team"]
[EventRounds "11"]
[EventCountry "FRA"]
[SourceTitle "EXT 2003"]
[Source "ChessBase"]
[SourceDate "2002.11.25"]
[SourceVersion "1"]
[SourceVersionDate "2002.11.25"]
[SourceQuality "1"]
[WhiteTeam "Grasse"]
[BlackTeam "Vandoeuvre"]
[WhiteTeamCountry "FRA"]
[BlackTeamCountry "FRA"]

1. d4 d5 2. Nf3 Nf6 3. c4 c6 4. e3 Bf5 5. Nc3 Nbd7 6. b3 e6 7. Be2 Bd6 8. Bb2 Rc8 9. c5 Bc7 10. 0-0 0-0 11. Ba3 Re8 12. Rc1 e5 13. b4 b5 14. Qb3 e4 15. Nd2 Ng4 16. Bxg4 Qh4 17. g3 Qxg4 18. Bb2 Qh3 19. Rfe1 Bg4 20. a4 Bf3 21. Nxf3 exf3 22. Qd1 Qg2# 0-1

[Event "FRA-chT 0102 U18"]
[Site "France"]
[Date "2001.11.24"]
[Round "1.9"]
[White "Delory, Lucas"]
[Black "Baudifier, Yoan"]
[Result "0-1"]
[WhiteElo "1260"]
[BlackElo "1600"]
[PlyCount "114"]
[EventDate "2001.10.??"]
[EventType "team"]
[EventRounds "11"]
[EventCountry "FRA"]
[SourceTitle "EXT 2003"]
[Source "ChessBase"]
[SourceDate "2002.11.25"]
[SourceVersion "1"]
[SourceVersionDate "2002.11.25"]
[SourceQuality "1"]
[WhiteTeam "Grasse"]
[BlackTeam "Hyeres"]
[WhiteTeamCountry "FRA"]
[BlackTeamCountry "FRA"]

1. d4 d5 2. Nf3 Nf6 3. c4 c6 4. Nc3 e6 5. e3 Qa5 6. Bd2 Bb4 7. Bd3 0-0 8. a3 Bxc3 9. Bxc3 Qc7 10. Bb4 Re8 11. 0-0 Nbd7 12. c5 e5 13. Bf5 exd4 14. Qxd4 Ne5 15. Nxe5 Bxf5 16. f4 h6 17. Rad1 Bg4 18. Nxg4 Nxg4 19. Bc3 f5 20. Rde1 Re4 21. Qd2 Qe7 22. Rf3 Qxc5 23. Bd4 Qe7 24. h3 Nf6 25. Bxf6 Qxf6 26. Rb1 Kf7 27. Qc3 Qxc3 28. bxc3 b5 29. Kf1 Rc4 30. Rc1 c5 31. Rf2 b4 32. Rd2 Ke6 33. a4 Rxc3 34. Rxc3 bxc3 35. Rc2 d4 36. exd4 cxd4 37. Ke2 Kd5 38. Kd3 Rb8 39. Ke2 Rb2 40. Kd1 Rxc2 41. Kxc2 Kc4 42. g4 g6 43. g5 hxg5 44. fxg5 d3+ 45. Kd1 Kb3 46. Kc1 d2+ 47. Kd1 c2+ 48. Kxd2 Kb2 49. h4 c1Q+ 50. Ke2 Qh1 51. Kd3 Qxh4 52. a5 Qe4+ 53. Kd2 Qf3 54. Ke1 Qg2 55. Kd1 Kc3 56. Ke1 Kd3 57. Kd1 Qf1# 0-1